000 00363nam a2200133Ia 4500
008 240624s9999 xx 000 0 und d
041 _aeng
082 _a658.421 VAI
100 _aVAIDYNATHAN NANDINI
245 _aENTREPEDIA A STEP BY STEP GUIDE TO BECOM
260 _c2011
_aMumbai
_bEmbassy Books Publishers & Distributors
300 _a198 : p.
365 _cRS
999 _c18376
_d18376